00805cam a22002411 4500001001300000003000400013005001700017008004100034010001700075035002000092040002400112042001200136050003100148110003300179245004500212260001800257300002500275490005500300500005100355500011500406650002500521999001700546l 29000025 DLC20260227111532.0870721s1928 sz s 000 0 eng  al 29000025  a(OCoLC)16261287 aDLCcLNTdNBuUdDLC apremarc00aHD4813b.I4 ser. N, no. 132 aInternational Labour Office.10aMethods of compiling housing statistics. aGeneva,c1928 aviii, 119 p.c24 cm.0 aStudies and reports. Series N, Statistics,vno. 13 aAt head of title: International Labour Office. a"Appendix. List of official statistical reports relating to housing used in the present study" : p.[109]-119. 0aHousingvStatistics. c35931d35931